| 000 | 00990cab a2200301 4500 | ||
|---|---|---|---|
| 001 | ABS43673 | ||
| 008 | 090401t1990 xxu||||| |||| 00| 0 eng d | ||
| 035 | _a(Sirsi) u42903 | ||
| 041 | _aeng | ||
| 100 | _aHarris, M. | ||
| 245 | _aSelling the stock | ||
| 260 | _c1990 | ||
| 350 | _a0 | ||
| 490 |
_aMunicipal Journal _v(45) 9 November 1990, 22-24(3) |
||
| 520 | _aConsiders the steps to be taken by local authorities wishing to transfer their housing stock to a housing association . Includes balloting tenants and legal obligations. Highlights the experience of the West Berkshire Housing Association . | ||
| 650 | _aCONSULTATION | ||
| 650 | _aCOUNCIL HOUSING | ||
| 650 | _aEASEMENTS | ||
| 650 | _aFORMS OF TRANSFER | ||
| 650 | _aHOUSING ACT 1985 | ||
| 650 | _aHOUSING ACT 1988 | ||
| 650 | _aHOUSING PRESENTATION OF RIGHT TO BUY REGULATIONS 1989 | ||
| 650 | _aHM LAND REGISTRY | ||
| 650 | _aRIGHT TO BUY | ||
| 690 | _aHOUSING | ||
| 942 | _n0 | ||
| 948 | _c04/03/1997 | ||
| 999 |
_c27440 _d27440 |
||